大西高铁所有客运车站 Datong-Xi'an Railway stations - Statistics

General Stats
  • This quiz has been taken 24 times
  • The average score is 24 of 28
Answer Stats
地市 里程 车站 % Correct
西安 831 西安北
100%
朔州 74 朔州东
95%
太原 251 太原
95%
太原 260 太原南
95%
晋中 353 平遥古城
95%
临汾 552 侯马西
95%
运城 616 运城北
95%
运城 669 永济北
95%
渭南 776 渭南北
95%
忻州 183 忻州西
90%
太原 225 阳曲西
90%
晋中 276 晋中
90%
临汾 493 临汾西
90%
渭南 723 大荔
90%
朔州 23 应县西
86%
晋中 307 太谷西
86%
朔州 0 怀仁东
81%
忻州 149 原平西
81%
晋中 326 祁县东
81%
晋中 371 介休东
81%
临汾 473 洪洞西
81%
临汾 525 襄汾西
81%
晋中 392 灵石东
76%
朔州 44 山阴南
71%
忻州 113 雁门关
71%
临汾 429 霍州东
71%
运城 584 闻喜西
67%
太原 248 太原东
62%
No matching quizzes found
Score Distribution
Percent of People with Each Score
Percentile by Number Answered
Your Score History
You have not taken this quiz